000 00635nam a22002417a 4500
001 32851
003 UA-OsUOA
005 20220710152029.0
007 ta
008 20050214b un ||||| |||| 00| 0 ukr d
040 _aUA-OsUOA
_brus
_cUA-OsUOA
_dUA-OsUOA
041 _arus
044 _aRU
080 _a821.161.1
090 _a821.161.1
_bС56
245 _aСоветский рассказ
_cсост. И. Н. Крамов
260 _aМосква
_bХудожественная литература
_c1975
300 _a718 с.
_bІлюстрації
505 _gт. 2
650 7 _2UDC
942 _cBK
_2udc
955 _a0
999 _c319304
_d319304